Memorias de un constituyente (Record no. 28909)
[ view plain ]
| 000 -LEADER | |
|---|---|
| campo de control de longitud fija | 00851nam a2200229 i 4500 |
| 001 - NÚMERO DE CONTROL | |
| campo de control | 28909 |
| 003 - IDENTIFICADOR DE NÚMERO DE CONTROL | |
| campo de control | ES-MaACL |
| 005 - FECHA Y HORA DE LA ÚLTIMA TRANSACCIÓN | |
| campo de control | 20250928114434.0 |
| 007 - CAMPO FIJO DE DESCRIPCIÓN FÍSICA--INFORMACIÓN GENERAL | |
| campo de control de longitud fija | t| |
| 008 - DATOS DE LONGITUD FIJA--INFORMACIÓN GENERAL | |
| campo de control de longitud fija | 030120s1872 sp ||||1| spa d |
| 100 1# - ENTRADA PRINCIPAL--NOMBRE DE PERSONA | |
| Nombre de persona | Balaguer, Víctor, |
| Fechas asociadas al nombre | 1824-1901 |
| 9 (RLIN) | 24806 |
| 245 10 - MENCIÓN DEL TÍTULO | |
| Título | Memorias de un constituyente |
| Resto del título | : estudios históricos y políticos / |
| Mención de responsabilidad, etc. | Víctor Balaguer. |
| 260 ## - PUBLICACIÓN, DISTRIBUCIÓN, ETC. | |
| Lugar de publicación, distribución, etc. | Madrid : |
| Nombre del editor, distribuidor, etc. | Librería de Medina y Navarro, |
| Fecha de publicación, distribución, etc. | 1872 ( |
| Fabricante | Imp. Bibl. Inst. y Recreo) |
| 300 ## - DESCRIPCIÓN FÍSICA | |
| Extensión | 374 p. ; |
| Dimensiones | 18 cm. |
| 530 ## - NOTA DISPONIBLE DE FORMULARIO FÍSICO ADICIONAL | |
| Nota de formato físico adicional disponible | Disponible en formato digital. |
| 600 14 - PUNTO DE ACCESO ADICIONAL DE MATERIA--NOMBRE DE PERSONA | |
| Nombre de persona | Ali Bey el Abbassi, |
| Fechas asociadas al nombre | 1767-1822 |
| 9 (RLIN) | 19912 |
| 651 #4 - PUNTO DE ACCESO ADICIONAL DE MATERIA--NOMBRE GEOGRÁFICO | |
| Nombre geográfico | Cataluña- |
| Subdivisión general | Historia. |
| 9 (RLIN) | 8013 |
| 651 #4 - PUNTO DE ACCESO ADICIONAL DE MATERIA--NOMBRE GEOGRÁFICO | |
| Nombre geográfico | España- |
| Subdivisión general | Historia- |
| Subdivisión cronológica | 1870-1873, Amadeo I |
| 9 (RLIN) | 8261 |
| 852 ## - LOCALIZACIÓN | |
| Ubicación | ES-MaACL |
| Número de control de estantería | D-1427 |
| 856 ## - LOCALIZACIÓN Y ACCESO ELECTRÓNICOS | |
| Identificador Uniforme de Recursos | <a href="http://hdl.handle.net/10651/3356 ">http://hdl.handle.net/10651/3356 </a> |
| Nota pública | Repositorio de la Universidad de Oviedo |
| Estatus retirado | Estado de pérdida | Estado de daño | No para préstamo | Colección | Biblioteca de origen | Biblioteca actual | Ubicación en estantería | Fecha de adquisición | Fuente de adquisición | Total de préstamos | Signatura topográfica completa | Código de barras | Visto por última vez | Precio de reemplazo | Tipo de ítem Koha |
|---|---|---|---|---|---|---|---|---|---|---|---|---|---|---|---|
| Colección digital | Biblioteca del Ateneo de Madrid | Biblioteca del Ateneo de Madrid | Sala Valle Inclán | 17/01/2008 | D-1427 | 901029845 | 23/02/2023 | 23/02/2023 | Libro impreso antiguo |
